Evaluación de la calidad ambiental urbana = an evaluation of urban environmental (Record no. 68495)

MARC details
000 -CABECERA
campo de control de longitud fija 00720nam a2200265 a 4500
005 - FECHA Y HORA DE LA ÚLTIMA TRANSACCIÓN
campo de control 20210219153112.0
008 - ELEMENTOS DE LONGITUD FIJA--INFORMACIÓN GENERAL
campo de control de longitud fija 991125n 000 0 eng u
035 ## - NÚMERO DE CONTROL DEL SISTEMA
Número de control de sistema UPN01000078102
100 1# - ASIENTO PRINCIPAL--NOMBRE PERSONAL
Nombre de persona García, Ricardo
222 ## - TÍTULO CLAVE
Título clave REVISTA DE PSICOLOGIA SOCIAL
245 ## - MENCIÓN DE TÍTULO
Título Evaluación de la calidad ambiental urbana = an evaluation of urban environmental
260 ## - PUBLICACIÓN, DISTRIBUCIÓN, ETC.
Lugar de publicación, distribución, etc. Madrid, España
300 ## - DESCRIPCIÓN FÍSICA
Extensión 235-252
362 0# - FECHAS DE PUBLICACIÓN Y/O DESIGNACIÓN SECUENCIAL
Fecha de publicación y/o designación secuencial 1996 Vol. 2, no. 2
653 0# - TERMINO DE INDIZACION - NO CONTROLADO
Término no controlado ACTITUD
653 0# - TERMINO DE INDIZACION - NO CONTROLADO
Término no controlado CALIDAD AMBIENTAL
653 0# - TERMINO DE INDIZACION - NO CONTROLADO
Término no controlado EVALUACION
653 0# - TERMINO DE INDIZACION - NO CONTROLADO
Término no controlado VIDA URBANA
700 1# - ASIENTO SECUNDARIO--NOMBRE DE PERSONAL
Nombre de persona Sabucedo, José Manuel,
700 1# - ASIENTO SECUNDARIO--NOMBRE DE PERSONAL
Término indicativo de función/relación coaut.
700 1# - ASIENTO SECUNDARIO--NOMBRE DE PERSONAL
Nombre de persona Arce, Constantino
700 1# - ASIENTO SECUNDARIO--NOMBRE DE PERSONAL
Término indicativo de función/relación coaut.
904 ## - ELEMENTOS DE DATOS D LOCAL, LDD (RLIN)
a AC
b 015913
905 ## - TIPO DE MATERIAL
Tipo de material Articulo

No items available.